000 00499nam a2200193Ia 4500
008 240510s9999 xx 000 0 und d
020 _a0008187105550
041 _aEng
082 _a005.118
082 _bJ26
100 _aJERKE, N. : HATMAKER ,M. : ANDERSON ,J.
245 0 _aVB SCRIPT INTERACTIVE COURSE :( With CD)
260 _bNEW DELHI : TECHMEDIA
260 _c1997
300 _a736 p.
650 _aVB SCRIPT : VISUAL PROGRAMMING : VISUAL BASIC
942 _2ddc
942 _cLBK
999 _c26889
_d26889
945 _a1
_bMadushi Gamage
_c1
_dMadushi Gamage